| 000 | 00515nam a2200193Ia 4500 | ||
|---|---|---|---|
| 005 | 20250326142632.0 | ||
| 008 | 250326s9999 xx 000 0 und d | ||
| 020 | _a0 566 07414 1 | ||
| 037 | _aTextbook | ||
| 040 |
_aFMSL _beng _cFMSL |
||
| 041 |
_aeng _2eng |
||
| 084 |
_aX:8k N3 _qFMSL |
||
| 100 | _aRobson Mike | ||
| 245 | 0 |
_aProblems solving in groups _cRobson Mike |
|
| 260 |
_aEngland _bEngland, Gower Pub. Co. _c1993 |
||
| 300 | _a172p | ||
| 942 |
_cTB _hX:8k N3 |
||
| 999 |
_c1295935 _d1295935 |
||